000 00911cam a22002655a 4500
001 3015331
005 20151025111151.0
008 940613t1994 enka frb f001 0 eng d
010 _a 94028307
020 _a9780195091199
040 _aDLC
_beng
_cDLC
_dDLC
_dEG-ScBUE
082 0 4 _a660.2815
_bOGU
_222
100 1 _aOgunnaike, Babatunde A.
_q(Babatunde Ayodeji)
_938560
245 1 0 _aProcess dynamics, modeling and control /
_cBabatunde A. Ogunnaike, W. Harmon Ray.
260 _aOxford :
_bOxford University Press,
_cc.1994.
300 _axx, 1260 p. :
_bill. ;
_c26 cm.
490 0 _aTopics in chemical engineering
504 _aIncludes bibliographical references and indexes.
650 0 _aChemical process control.
_2BUEsh
651 _2BUEsh
653 _bENGCHE
_cOctober2015
655 _vReading book
_934232
700 1 _aRay, W. Harmon
_q(Willis Harmon),
_d1940-
942 _2ddc
_k660.2815 OGU
999 _c20963
_d20935